000 nam a22 7a 4500
999 _c9605
_d9605
008 180205b ||||| |||| 00| 0 eng d
100 _aPant, R
_95739
245 _aModern trend in communicative english main course - VII
260 _aNew Delhi
_bAngel International Publication
_c2007